[Event "EU-ch (Men) 11th"]
[Site "Rijeka"]
[Date "2010.03.06"]
[Round "1.68"]
[White "Kokarev, Dmitry"]
[Black "Mazi, Leon"]
[Result "1-0"]
[WhiteElo "2622"]
[BlackElo "2375"]
[PlyCount "77"]
[EventDate "2010.03.06"]
[EventType "swiss"]
[EventRounds "11"]
[EventCountry "CRO"]
[SourceDate "2010.03.06"]

1. e4 c5 2. Nf3 d6 3. d4 cxd4 4. Nxd4 Nf6 5. Nc3 a6 6. Bg5 e6 7. f4 Qc7 8. Bxf6
gxf6 9. Be2 b5 10. a4 b4 11. Na2 d5 12. exd5 Qxf4 13. Rf1 Qxh2 14. Qd3 Qh4+ 15.
g3 Qg5 16. Qc4 Qxg3+ 17. Rf2 Bd7 18. dxe6 fxe6 19. Nxe6 Bh6 20. Nxb4 Qg1+ 21.
Bf1 Ra7 22. Qd4 Bxe6 23. Qxa7 Qg3 24. Qb6 Kf7 25. Ra3 Qh4 26. Raf3 Nd7 27. Qb7
Re8 28. Be2 Qh1+ 29. Rf1 Qh4+ 30. Kd1 Qd4+ 31. Nd3 Re7 32. Qb4 Qd5 33. Qh4 Bg5
34. Qxh7+ Ke8 35. Qh8+ Nf8 36. Rxf6 Bxf6 37. Qxf6 Bf7 38. Qxa6 Be6 39. Qb5+ 1-0

[Event "EU-ch (Men) 11th"]
[Site "Rijeka"]
[Date "2010.03.06"]
[Round "1.106"]
[White "Gyimesi, Zoltan"]
[Black "Cucancic, Sinisa"]
[Result "1-0"]
[WhiteElo "2586"]
[BlackElo "2271"]
[PlyCount "51"]
[EventDate "2010.03.06"]
[EventType "swiss"]
[EventRounds "11"]
[EventCountry "CRO"]
[SourceDate "2010.03.06"]

1. d4 Nf6 2. c4 c5 3. d5 b5 4. cxb5 a6 5. e3 axb5 6. Bxb5 Qa5+ 7. Nc3 Bb7 8.
Nge2 Bxd5 9. O-O Bc6 10. Qd3 Bxb5 11. Nxb5 d5 12. b4 cxb4 13. Bb2 e6 14. Bxf6
gxf6 15. e4 Nc6 16. a4 bxa3 17. exd5 Nb4 18. Qc4 Nxd5 19. Qc6+ Kd8 20. Rfd1 Ra6
21. Rxd5+ exd5 22. Qxd5+ Rd6 23. Qb7 a2 24. Ned4 Qb4 25. Qc7+ Ke8 26. Qc8+ 1-0

[Event "EU-ch (Men) 11th"]
[Site "Rijeka"]
[Date "2010.03.06"]
[Round "1.166"]
[White "Ter Sahakyan, Samvel"]
[Black "Lanzani, Giuliano"]
[Result "1-0"]
[WhiteElo "2513"]
[BlackElo "1992"]
[PlyCount "53"]
[EventDate "2010.03.06"]
[EventType "swiss"]
[EventRounds "11"]
[EventCountry "CRO"]
[SourceDate "2010.03.06"]

1. e4 c5 2. Nf3 Nc6 3. d4 cxd4 4. Nxd4 Nf6 5. Nc3 d6 6. Bg5 e6 7. Qd2 Be7 8.
O-O-O Nxd4 9. Qxd4 O-O 10. f3 Qa5 11. h4 Rd8 12. Kb1 Bd7 13. Qd2 Qc7 14. g4 Bc6
15. Qh2 Rac8 16. Be3 Kf8 17. Bf4 Qa5 18. Bd2 Qc7 19. g5 Nd7 20. h5 Ne5 21. Be2
b5 22. f4 Nc4 23. Bxc4 bxc4 24. h6 g6 25. f5 exf5 26. Qf2 d5 27. Bf4 1-0

[Event "EU-ch (Men) 11th"]
[Site "Rijeka"]
[Date "2010.03.06"]
[Round "1.169"]
[White "Zrilic, Bozo"]
[Black "Berczes, David"]
[Result "0-1"]
[WhiteElo "1968"]
[BlackElo "2510"]
[PlyCount "68"]
[EventDate "2010.03.06"]
[EventType "swiss"]
[EventRounds "11"]
[EventCountry "CRO"]
[SourceDate "2010.03.06"]

1. d4 Nf6 2. c4 e6 3. Nc3 Bb4 4. e3 c5 5. Nge2 b6 6. Qc2 Bb7 7. f3 Nc6 8. b3
O-O 9. Bb2 d5 10. Kf2 cxd4 11. exd4 dxc4 12. Rd1 cxb3 13. Qxb3 Rc8 14. a3 Bd6
15. Nb5 Bb8 16. h4 a6 17. Nbc3 Na5 18. Qa2 Nd5 19. Qb1 Nc4 20. Bc1 Nxc3 21.
Nxc3 Nd6 22. Qb2 Nf5 23. Ne2 b5 24. Rh3 e5 25. Bg5 Qb6 26. Qb1 Nxd4 27. Be3
Rfd8 28. h5 h6 29. Rh4 Qf6 30. Rg4 Bxf3 31. Nxd4 Bxg4+ 32. Nf3 Rxd1 33. Qxd1 e4
34. Bd4 Qf4 0-1

[Event "EU-ch (Women) 11th"]
[Site "Rijeka"]
[Date "2010.03.06"]
[Round "1.2"]
[White "Kosintseva, Nadezhda"]
[Black "Dolzhikova, Kateryna"]
[Result "1-0"]
[WhiteElo "2554"]
[BlackElo "2290"]
[PlyCount "93"]
[EventDate "2010.03.06"]
[EventType "swiss"]
[EventRounds "11"]
[EventCountry "CRO"]
[SourceDate "2010.03.06"]

1. e4 e5 2. Nf3 Nc6 3. Bc4 Bc5 4. d3 Nf6 5. Nc3 h6 6. Be3 Qe7 7. O-O O-O 8. Nh4
Bxe3 9. fxe3 Kh7 10. Nf5 Qd8 11. Qf3 d6 12. a3 Ng8 13. Qg3 Bxf5 14. Rxf5 f6 15.
Raf1 Nce7 16. R5f3 c6 17. Qg4 d5 18. Bb3 Qc8 19. Qh4 Qd7 20. exd5 cxd5 21. Nxd5
Nxd5 22. Qe4+ Kh8 23. Qxd5 Qxd5 24. Bxd5 Ne7 25. Be4 Rac8 26. d4 exd4 27. exd4
Rfd8 28. c3 b6 29. Re1 Kg8 30. Kf2 Kf7 31. g4 g5 32. h4 Kg7 33. Rh3 gxh4 34.
Rxh4 Re8 35. Rh3 Ng6 36. Rhe3 Rc7 37. Bxg6 Rxe3 38. Kxe3 Kxg6 39. Kf4 Rd7 40.
Re6 b5 41. Ke4 Kg5 42. d5 Kxg4 43. Rxf6 Kg5 44. Rf1 Re7+ 45. Kd4 Re2 46. d6
Rxb2 47. Kd3 1-0

[Event "EU-ch (Women) 11th"]
[Site "Rijeka"]
[Date "2010.03.06"]
[Round "1.3"]
[White "Mamedjarova, Zeinab"]
[Black "Muzychuk, Anna"]
[Result "0-1"]
[WhiteElo "2289"]
[BlackElo "2533"]
[PlyCount "92"]
[EventDate "2010.03.06"]
[EventType "swiss"]
[EventRounds "11"]
[EventCountry "CRO"]
[SourceDate "2010.03.06"]

1. d4 d6 2. c4 e5 3. g3 exd4 4. Qxd4 Nc6 5. Qd1 g6 6. Bg2 Bg7 7. Nf3 Be6 8.
Nbd2 Nf6 9. O-O O-O 10. b3 d5 11. Ba3 Re8 12. Rc1 a5 13. Bb2 d4 14. a3 Bf5 15.
Re1 Qd7 16. b4 axb4 17. axb4 Nxb4 18. Nxd4 Bh3 19. N2f3 Bxg2 20. Kxg2 Ne4 21.
Ra1 Na2 22. Qc2 Qa4 23. Nb3 Nb4 24. Qd1 Qc6 25. Bxg7 Kxg7 26. Rxa8 Rxa8 27.
Qd4+ Nf6 28. Rc1 Qe4 29. Qxe4 Nxe4 30. Nbd4 Ra2 31. c5 Nd5 32. Rc4 Nec3 33. Kf1
Kf6 34. h4 c6 35. Ng5 h6 36. Ngf3 Ra1+ 37. Kg2 Ra4 38. Nd2 Ra2 39. N2b3 Nxe2
40. Nxe2 Rxe2 41. Kf3 Rb2 42. Nd4 Ke5 43. Nc2 Rb3+ 44. Ke2 Nc3+ 45. Kd2 Ne4+
46. Ke2 f5 0-1

[Event "EU-ch (Women) 11th"]
[Site "Rijeka"]
[Date "2010.03.06"]
[Round "1.4"]
[White "Kosintseva, Tatiana"]
[Black "Medic, Mirjana"]
[Result "1-0"]
[WhiteElo "2524"]
[BlackElo "2279"]
[PlyCount "55"]
[EventDate "2010.03.06"]
[EventType "swiss"]
[EventRounds "11"]
[EventCountry "CRO"]
[SourceDate "2010.03.06"]

1. e4 e6 2. d4 d5 3. Nc3 Bb4 4. e5 c5 5. a3 Bxc3+ 6. bxc3 Qc7 7. Qg4 f5 8. Qg3
cxd4 9. cxd4 Ne7 10. Ne2 O-O 11. c3 Nbc6 12. h4 Na5 13. h5 Rf7 14. Bg5 Bd7 15.
h6 g6 16. Nf4 Nac6 17. Be2 Rc8 18. Rh3 Qa5 19. Kf1 Kf8 20. Bf6 Ke8 21. Kg1 a6
22. Nxg6 Nxg6 23. Bh5 Nce7 24. Bxe7 Rxe7 25. Bxg6+ Kd8 26. Bxh7 f4 27. Qh4 Rxc3
28. Bg6 1-0

[Event "EU-ch (Women) 11th"]
[Site "Rijeka"]
[Date "2010.03.06"]
[Round "1.5"]
[White "Sandu, Mihaela"]
[Black "Cramling, Pia"]
[Result "0-1"]
[WhiteElo "2278"]
[BlackElo "2523"]
[PlyCount "62"]
[EventDate "2010.03.06"]
[EventType "swiss"]
[EventRounds "11"]
[EventCountry "CRO"]
[SourceDate "2010.03.06"]

1. e4 c5 2. Nc3 a6 3. f4 b5 4. Nf3 Bb7 5. d3 e6 6. Be2 d6 7. O-O Nc6 8. f5 Be7
9. Qe1 Nf6 10. Qg3 Nd4 11. Nxd4 cxd4 12. Nd1 O-O 13. c3 dxc3 14. bxc3 e5 15.
Bd2 d5 16. Nf2 dxe4 17. Bh6 Ne8 18. dxe4 Qb6 19. Be3 Bc5 20. Bxc5 Qxc5 21. Kh1
Nf6 22. a4 Rfd8 23. axb5 axb5 24. Rxa8 Bxa8 25. Rb1 Nxe4 26. Nxe4 Bxe4 27. f6
g6 28. Re1 Bc6 29. Qg5 Qf2 30. Rg1 Qxe2 31. Qh6 Qxg2+ 0-1

[Event "EU-ch (Women) 11th"]
[Site "Rijeka"]
[Date "2010.03.06"]
[Round "1.6"]
[White "Sebag, Marie"]
[Black "Melnikova, Yana"]
[Result "1-0"]
[WhiteElo "2506"]
[BlackElo "2272"]
[PlyCount "55"]
[EventDate "2010.03.06"]
[EventType "swiss"]
[EventRounds "11"]
[EventCountry "CRO"]
[SourceDate "2010.03.06"]

1. e4 c5 2. Nf3 Nc6 3. Bb5 d6 4. O-O Bd7 5. Re1 Nf6 6. c3 a6 7. Ba4 e5 8. h3 b5
9. Bc2 Be7 10. d4 O-O 11. d5 Na5 12. Nxe5 dxe5 13. d6 Bc6 14. dxe7 Qxe7 15. Nd2
Rfd8 16. Qf3 h6 17. Nf1 Nc4 18. Ng3 Nh7 19. b3 Nb6 20. Nf5 Qf6 21. Be3 Ng5 22.
Qg4 Bd7 23. Bxc5 Bxf5 24. Qxf5 Rd2 25. Qxf6 gxf6 26. Rac1 Nd7 27. Be3 Rd6 28.
Rcd1 1-0

[Event "EU-ch (Women) 11th"]
[Site "Rijeka"]
[Date "2010.03.06"]
[Round "1.7"]
[White "Semenova, Irina"]
[Black "Mkrtchian, Lilit"]
[Result "0-1"]
[WhiteElo "2272"]
[BlackElo "2503"]
[PlyCount "84"]
[EventDate "2010.03.06"]
[EventType "swiss"]
[EventRounds "11"]
[EventCountry "CRO"]
[SourceDate "2010.03.06"]

1. e4 e6 2. d4 d5 3. Nc3 Bb4 4. e5 Ne7 5. a3 Bxc3+ 6. bxc3 c5 7. Nf3 Nbc6 8. h4
Qa5 9. Bd2 cxd4 10. cxd4 Qa4 11. h5 Nxd4 12. Bd3 h6 13. Kf1 Ndf5 14. Rb1 Nc6
15. Bb5 Qg4 16. Rb4 d4 17. Rxd4 Nfxd4 18. Rh4 Qxf3 19. gxf3 Nxb5 20. Bb4 Nxb4
21. Rxb4 Nc3 22. Qd6 Nd5 23. Rg4 Bd7 24. Rxg7 Rc8 25. Rg4 a6 26. c4 Ne7 27. Qd2
Nf5 28. Rf4 Bc6 29. Qc3 Rg8 30. Rg4 Rg7 31. Ke1 Rd8 32. Ke2 Kf8 33. Qb4+ Kg8
34. Qc3 Kh7 35. Qb2 Rg5 36. Qb6 Rd7 37. Qc5 Rxh5 38. Qf8 Rg5 39. Qc5 Rxg4 40.
fxg4 Nd4+ 41. Ke3 Nf3 42. Qf8 Nxe5 0-1

[Event "EU-ch (Women) 11th"]
[Site "Rijeka"]
[Date "2010.03.06"]
[Round "1.8"]
[White "Javakhishvili, Lela"]
[Black "Mamedjarova, Turkan"]
[Result "1-0"]
[WhiteElo "2500"]
[BlackElo "2269"]
[PlyCount "80"]
[EventDate "2010.03.06"]
[EventType "swiss"]
[EventRounds "11"]
[EventCountry "CRO"]
[SourceDate "2010.03.06"]

1. d4 f5 2. Nc3 Nf6 3. Bg5 d5 4. Bxf6 exf6 5. e3 Be6 6. Bd3 Qd7 7. Nge2 Bd6 8.
Nb5 Nc6 9. Nxd6+ Qxd6 10. c3 Ne7 11. h4 O-O-O 12. Qc2 g6 13. O-O-O Kb8 14. Kb1
c6 15. Ka1 Qc7 16. Rc1 Nc8 17. b3 Bf7 18. Rcg1 Nd6 19. g4 Ne4 20. Rg2 fxg4 21.
Bxe4 dxe4 22. Rxg4 h6 23. Rf4 Rhf8 24. c4 f5 25. h5 c5 26. hxg6 cxd4 27. exd4
Bxg6 28. Qc3 Qg7 29. d5 Qxc3+ 30. Nxc3 h5 31. Kb2 a6 32. Ne2 Kc7 33. Kc3 b5 34.
Rg1 Rf6 35. Rg5 Rdf8 36. Kd4 bxc4 37. bxc4 Rb8 38. Ng3 Rb2 39. Nxe4 Rfb6 40.
d6+ Kd7 1-0

[Event "EU-ch (Women) 11th"]
[Site "Rijeka"]
[Date "2010.03.06"]
[Round "1.9"]
[White "Guramishvili, Sopiko"]
[Black "Zhukova, Natalia"]
[Result "1/2-1/2"]
[WhiteElo "2266"]
[BlackElo "2492"]
[PlyCount "55"]
[EventDate "2010.03.06"]
[EventType "swiss"]
[EventRounds "11"]
[EventCountry "CRO"]
[SourceDate "2010.03.06"]

1. d4 d5 2. c4 c6 3. Nf3 Nf6 4. Qc2 g6 5. cxd5 cxd5 6. Bf4 Bg7 7. e3 O-O 8. h3
Nc6 9. Nc3 Bf5 10. Qb3 Na5 11. Qb4 a6 12. Be2 Re8 13. O-O Bc2 14. Nb1 Bf8 15.
Qd2 Bf5 16. Rc1 Rc8 17. Rxc8 Bxc8 18. Qc1 Bf5 19. Ne5 Qb6 20. Nc3 Rc8 21. Qd2
Qd8 22. Rc1 b5 23. b3 h6 24. Nd1 Rxc1 25. Qxc1 g5 26. Bh2 Qc8 27. Qxc8 Bxc8 28.
Nd3 1/2-1/2

[Event "EU-ch (Women) 11th"]
[Site "Rijeka"]
[Date "2010.03.06"]
[Round "1.10"]
[White "Danielian, Elina"]
[Black "Nemcova, Katerina"]
[Result "1-0"]
[WhiteElo "2491"]
[BlackElo "2264"]
[PlyCount "65"]
[EventDate "2010.03.06"]
[EventType "swiss"]
[EventRounds "11"]
[EventCountry "CRO"]
[SourceDate "2010.03.06"]

1. d4 Nf6 2. c4 g6 3. Nf3 Bg7 4. g3 c5 5. Bg2 Qa5+ 6. Nc3 Ne4 7. Qd3 cxd4 8.
Nxd4 Nc5 9. Qd2 Nc6 10. Nc2 Ne6 11. O-O O-O 12. Rd1 d6 13. b4 Qc7 14. Nd5 Qd8
15. Rb1 a5 16. a3 axb4 17. axb4 Ne5 18. Nce3 f5 19. f4 Nc6 20. Bb2 Ncd4 21. Nf1
Ra2 22. Nc3 Ra7 23. Qe3 Qb6 24. Kh1 Qxb4 25. Nb5 Nxb5 26. Bxg7 Qxb1 27. Rxb1
Kxg7 28. cxb5 Ra4 29. Bd5 Rf6 30. Nd2 Kf8 31. Nf3 h6 32. Qb6 Ra8 33. Rc1 1-0

[Event "EU-ch (Women) 11th"]
[Site "Rijeka"]
[Date "2010.03.06"]
[Round "1.11"]
[White "Papp, Petra"]
[Black "Hoang Thanh Trang"]
[Result "0-1"]
[WhiteElo "2263"]
[BlackElo "2487"]
[PlyCount "126"]
[EventDate "2010.03.06"]
[EventType "swiss"]
[EventRounds "11"]
[EventCountry "CRO"]
[SourceDate "2010.03.06"]

1. e4 e6 2. d4 d5 3. Nc3 Bb4 4. e5 b6 5. a3 Bxc3+ 6. bxc3 Ne7 7. Qg4 Ng6 8. h4
h5 9. Qd1 Ba6 10. Bxa6 Nxa6 11. Qd3 Nb8 12. Bg5 Qd7 13. Ne2 c5 14. O-O Nc6 15.
Ng3 Nge7 16. Qd1 g6 17. Bf6 Rg8 18. Qd2 cxd4 19. cxd4 O-O-O 20. a4 Kb7 21. Rfb1
Ka8 22. a5 Nxa5 23. Ne2 Rc8 24. Nc3 Nc4 25. Qd3 Nc6 26. Na4 N6a5 27. Bg5 Rc6
28. Nb2 Nxb2 29. Rxb2 Nc4 30. Rba2 a5 31. Rb1 Kb7 32. Kh2 Ra8 33. Qb3 Rc7 34.
f3 Qc6 35. g4 a4 36. Qd3 a3 37. Bc1 Nb2 38. Bxb2 Qxc2+ 39. Qxc2 Rxc2+ 40. Kg3
axb2 41. Raxb2 Rxb2 42. Rxb2 Ra4 43. gxh5 gxh5 44. Kf4 Rxd4+ 45. Kg5 Rd3 46.
Rf2 Re3 47. Kf6 d4 48. f4 Kc6 49. Kxf7 Kd5 50. Rb2 Re4 51. Rb5+ Kc4 52. Rxb6 d3
53. Rc6+ Kb3 54. Kxe6 d2 55. Rd6 Kc3 56. f5 Rd4 57. Rxd4 Kxd4 58. f6 d1=Q 59.
f7 Qg4+ 60. Kf6 Qxh4+ 61. Kg7 Qg5+ 62. Kh7 Qf5+ 63. Kg7 Qxe5+ 0-1

[Event "EU-ch (Women) 11th"]
[Site "Rijeka"]
[Date "2010.03.06"]
[Round "1.12"]
[White "Paehtz, Elisabeth"]
[Black "Pertlova, Sona"]
[Result "1-0"]
[WhiteElo "2486"]
[BlackElo "2262"]
[PlyCount "97"]
[EventDate "2010.03.06"]
[EventType "swiss"]
[EventRounds "11"]
[EventCountry "CRO"]
[SourceDate "2010.03.06"]

1. e4 d5 2. exd5 Nf6 3. Nf3 Nxd5 4. d4 Bg4 5. c4 Nb6 6. c5 N6d7 7. Qb3 Nc6 8.
d5 Bxf3 9. Qxf3 Nd4 10. Qe4 e5 11. dxe6 Nxe6 12. Qxb7 Bxc5 13. Be2 O-O 14. O-O
Ne5 15. Qe4 Bd4 16. Nd2 f5 17. Qc2 Qf6 18. Nf3 Rab8 19. Rb1 Rfd8 20. Nxe5 Bxe5
21. Bc4 Kh8 22. Bxe6 Qxe6 23. Bg5 Rd4 24. Be3 Rc4 25. Qd3 Ra4 26. Rfe1 Qd6 27.
Qxf5 Bxh2+ 28. Kf1 Qa6+ 29. Re2 Bd6 30. Qh5 Ra5 31. Qg4 Be5 32. Kg1 Rxa2 33.
Rd2 Raxb2 34. Rdxb2 Rxb2 35. Rd1 Rb8 36. Qb4 Rg8 37. Qe4 Qe2 38. Rb1 Re8 39.
Qxe5 Rg8 40. Qxc7 h6 41. Qxa7 Rd8 42. Qa1 Qh5 43. Re1 Qg6 44. Bd4 Qg4 45. Be5
Kg8 46. Qc3 Re8 47. Qb3+ Kh7 48. Qd3+ Kg8 49. Re3 1-0

[Event "EU-ch (Women) 11th"]
[Site "Rijeka"]
[Date "2010.03.06"]
[Round "1.13"]
[White "Tarasova, Viktoriya"]
[Black "Cmilyte, Viktorija"]
[Result "0-1"]
[WhiteElo "2261"]
[BlackElo "2485"]
[PlyCount "70"]
[EventDate "2010.03.06"]
[EventType "swiss"]
[EventRounds "11"]
[EventCountry "CRO"]
[SourceDate "2010.03.06"]

1. d4 f5 2. g3 Nf6 3. Bg2 g6 4. Nf3 Bg7 5. O-O O-O 6. c4 d6 7. Nc3 c6 8. Rb1
Kh8 9. b4 Nbd7 10. Ng5 Nb6 11. c5 Nbd5 12. Nxd5 Nxd5 13. Bxd5 cxd5 14. f4 b6
15. cxd6 exd6 16. e3 h6 17. Nf3 Bb7 18. Bd2 Qd7 19. Qb3 Rfc8 20. b5 Rc4 21. Nh4
Kh7 22. a4 Re8 23. Nf3 Bf6 24. Ra1 a5 25. bxa6 Bxa6 26. Rfb1 Rb8 27. a5 b5 28.
Ne1 Qe6 29. Nd3 Qe4 30. Nb4 Rxd4 31. Be1 Rxb4 32. Bxb4 Bxa1 33. Rxa1 Rc8 34.
Bd2 Rc4 35. Qa3 Rc2 0-1

[Event "EU-ch (Women) 11th"]
[Site "Rijeka"]
[Date "2010.03.06"]
[Round "1.15"]
[White "Toma, Katarzyna"]
[Black "Gaponenko, Inna"]
[Result "0-1"]
[WhiteElo "2259"]
[BlackElo "2472"]
[PlyCount "70"]
[EventDate "2010.03.06"]
[EventType "swiss"]
[EventRounds "11"]
[EventCountry "CRO"]
[SourceDate "2010.03.06"]

1. e4 c5 2. Nf3 Nc6 3. Nc3 g6 4. d4 cxd4 5. Nxd4 Bg7 6. Be3 Nf6 7. Bc4 O-O 8.
Bb3 d6 9. f3 Bd7 10. Qd2 Rc8 11. h4 h5 12. O-O-O Ne5 13. Kb1 Re8 14. Rhe1 a6
15. Nde2 b5 16. Nf4 a5 17. Ncd5 Rb8 18. a3 Nc4 19. Bxc4 bxc4 20. Nc3 Rb7 21.
Ka1 Qb8 22. Rb1 Bc6 23. Nfd5 Bxd5 24. exd5 e5 25. Ne4 Qc7 26. Red1 Reb8 27. Qc3
Rb5 28. Nxf6+ Bxf6 29. Bf2 Qb7 30. Be1 Bg7 31. a4 Rxd5 32. Rxd5 Qxd5 33. Qe3
Qc6 34. Qa3 d5 35. Rd1 d4 0-1

[Event "EU-ch (Women) 11th"]
[Site "Rijeka"]
[Date "2010.03.06"]
[Round "1.16"]
[White "Melia, Salome"]
[Black "Videnova, Iva"]
[Result "1-0"]
[WhiteElo "2467"]
[BlackElo "2258"]
[PlyCount "53"]
[EventDate "2010.03.06"]
[EventType "swiss"]
[EventRounds "11"]
[EventCountry "CRO"]
[SourceDate "2010.03.06"]

1. e4 c5 2. Nf3 Nc6 3. Bb5 Nf6 4. Nc3 g6 5. h3 Bg7 6. e5 Ng8 7. Bxc6 dxc6 8. d3
Nh6 9. g4 Qb6 10. Qe2 O-O 11. b3 f5 12. g5 Nf7 13. Bb2 Qc7 14. O-O-O Nxe5 15.
Nb5 Nxd3+ 16. Rxd3 Bxb2+ 17. Kxb2 cxb5 18. Re3 Bd7 19. h4 Bc6 20. h5 Bxf3 21.
Rxf3 e5 22. hxg6 hxg6 23. Rfh3 Qg7 24. Qxb5 e4+ 25. Kb1 Rf7 26. Qc4 Raf8 27.
Qe6 1-0

[Event "EU-ch (Women) 11th"]
[Site "Rijeka"]
[Date "2010.03.06"]
[Round "1.17"]
[White "Lomako, Anna"]
[Black "Socko, Monika"]
[Result "0-1"]
[WhiteElo "2258"]
[BlackElo "2465"]
[PlyCount "42"]
[EventDate "2010.03.06"]
[EventType "swiss"]
[EventRounds "11"]
[EventCountry "CRO"]
[SourceDate "2010.03.06"]

1. e4 e6 2. d4 d5 3. exd5 exd5 4. Nf3 Nf6 5. c4 Bd6 6. Nc3 O-O 7. Be2 dxc4 8.
O-O Bg4 9. h3 Bh5 10. Ne5 Bxe2 11. Qxe2 Nbd7 12. Nxc4 Nb6 13. Bg5 h6 14. Bh4
Re8 15. Ne5 c5 16. Ne4 Nbd5 17. Qc4 Bxe5 18. dxe5 Rxe5 19. Nxc5 Qe7 20. Bg3 Nb6
21. Qd4 Rd5 0-1

[Event "EU-ch (Women) 11th"]
[Site "Rijeka"]
[Date "2010.03.06"]
[Round "1.18"]
[White "Rajlich, Iweta"]
[Black "Sikorova, Olga"]
[Result "1-0"]
[WhiteElo "2459"]
[BlackElo "2256"]
[PlyCount "59"]
[EventDate "2010.03.06"]
[EventType "swiss"]
[EventRounds "11"]
[EventCountry "CRO"]
[SourceDate "2010.03.06"]

1. Nf3 Nf6 2. b3 b6 3. Bb2 Bb7 4. c4 c5 5. e3 e6 6. Be2 Be7 7. d4 O-O 8. Nc3
cxd4 9. Nxd4 Nc6 10. Bf3 a6 11. O-O Qc7 12. Rc1 Rfd8 13. Nd5 exd5 14. cxd5 Bc5
15. dxc6 dxc6 16. Qc2 Rac8 17. Qf5 Qd7 18. Qg5 h6 19. Qh4 Rc7 20. g4 Nh7 21.
Nf5 f6 22. Be2 Bf8 23. Rcd1 Qe8 24. Qh5 Qxh5 25. gxh5 Rcd7 26. Rxd7 Rxd7 27.
Bc4+ Kh8 28. Nh4 g5 29. hxg6 b5 30. gxh7 1-0

[Event "EU-ch (Women) 11th"]
[Site "Rijeka"]
[Date "2010.03.06"]
[Round "1.19"]
[White "Przezdziecka, Marta"]
[Black "Dembo, Yelena"]
[Result "1/2-1/2"]
[WhiteElo "2254"]
[BlackElo "2457"]
[PlyCount "51"]
[EventDate "2010.03.06"]
[EventType "swiss"]
[EventRounds "11"]
[EventCountry "CRO"]
[SourceDate "2010.03.06"]

1. d4 Nf6 2. Nf3 g6 3. c4 Bg7 4. Nc3 O-O 5. e4 d6 6. Be2 Nbd7 7. O-O e5 8. Re1
c6 9. Bf1 Re8 10. Rb1 a5 11. b3 exd4 12. Nxd4 Nc5 13. f3 Nh5 14. Be3 Be5 15. g3
Ne6 16. Nxe6 Bxe6 17. Ne2 f5 18. f4 Bg7 19. Nd4 fxe4 20. Nxe6 Rxe6 21. f5 Re5
22. g4 Nf6 23. g5 Nh5 24. f6 Bf8 25. Be2 Qe8 26. Rf1 1/2-1/2

[Event "EU-ch (Women) 11th"]
[Site "Rijeka"]
[Date "2010.03.06"]
[Round "1.20"]
[White "Gunina, Valentina"]
[Black "Fakhiridou, Ekaterini"]
[Result "1-0"]
[WhiteElo "2457"]
[BlackElo "2252"]
[PlyCount "59"]
[EventDate "2010.03.06"]
[EventType "swiss"]
[EventRounds "11"]
[EventCountry "CRO"]
[SourceDate "2010.03.06"]

1. d4 Nf6 2. Nf3 d6 3. g3 c6 4. Bg2 Nbd7 5. O-O e5 6. c4 Be7 7. Nc3 O-O 8. e4
Re8 9. h3 Bf8 10. b3 a5 11. Re1 g6 12. Bb2 exd4 13. Qxd4 Qb6 14. Qd2 Ne5 15.
Na4 Qa7 16. c5 Nxf3+ 17. Bxf3 Nd7 18. cxd6 b5 19. e5 Bg7 20. Bd4 Qb7 21. Qc3
bxa4 22. Bxc6 Qa6 23. Bxa8 Qxa8 24. e6 Bxd4 25. exd7 Rxe1+ 26. Rxe1 Bxc3 27.
Re8+ Kg7 28. dxc8=Q Qf3 29. Rg8+ Kh6 30. Qg4 1-0

[Event "EU-ch (Women) 11th"]
[Site "Rijeka"]
[Date "2010.03.06"]
[Round "1.21"]
[White "Drljevic, Ljilja"]
[Black "Skripchenko, Almira"]
[Result "0-1"]
[WhiteElo "2248"]
[BlackElo "2456"]
[PlyCount "108"]
[EventDate "2010.03.06"]
[EventType "swiss"]
[EventRounds "11"]
[EventCountry "CRO"]
[SourceDate "2010.03.06"]

1. e4 c5 2. Nf3 Nc6 3. Bb5 g6 4. O-O Bg7 5. Re1 Nf6 6. c3 O-O 7. d4 d5 8. e5
Ne4 9. h3 Qb6 10. Bd3 cxd4 11. cxd4 Nxd4 12. Bxe4 dxe4 13. Rxe4 Nxf3+ 14. Qxf3
Qc6 15. Nd2 Be6 16. Qe2 Bxa2 17. Nc4 Bxc4 18. Rxc4 Qb5 19. Bf4 Rac8 20. Rac1 h6
21. h4 Rc6 22. R1c2 Re6 23. Rc7 Qxe2 24. Rxe2 Rb8 25. Kf1 a5 26. Rd2 Bxe5 27.
Bxe5 Rxe5 28. Rdd7 b6 29. Rxe7 Rxe7 30. Rxe7 Rc8 31. Re1 Rc2 32. b3 Rc3 33. Rb1
b5 34. Ke2 Rc2+ 35. Ke1 Ra2 36. g3 Kg7 37. Rc1 Ra3 38. Rb1 Kf6 39. Ke2 Ra2+ 40.
Ke3 Ke5 41. g4 Ra3 42. f4+ Kd5 43. Rd1+ Ke6 44. Ke4 Rxb3 45. f5+ gxf5+ 46.
gxf5+ Ke7 47. Ke5 Re3+ 48. Kf4 Rh3 49. Kg4 Rb3 50. Kh5 Rb4 51. Kxh6 Kf6 52. h5
a4 53. Kh7 a3 54. h6 a2 0-1

[Event "EU-ch (Women) 11th"]
[Site "Rijeka"]
[Date "2010.03.06"]
[Round "1.22"]
[White "Ushenina, Anna"]
[Black "Franciskovic, Borka"]
[Result "1-0"]
[WhiteElo "2452"]
[BlackElo "2245"]
[PlyCount "113"]
[EventDate "2010.03.06"]
[EventType "swiss"]
[EventRounds "11"]
[EventCountry "CRO"]
[SourceDate "2010.03.06"]

1. d4 Nf6 2. c4 e6 3. Nf3 Bb4+ 4. Nbd2 b6 5. g3 Bb7 6. Bg2 O-O 7. O-O a5 8. Nb1
Be7 9. Nc3 Ne4 10. Qc2 Nxc3 11. bxc3 Ra7 12. Rd1 d6 13. e4 Qc8 14. Bh3 Nd7 15.
Be3 Rd8 16. Nd2 Qa8 17. a4 e5 18. f3 h6 19. Rf1 Nf6 20. Rf2 Rf8 21. Bf1 Qe8 22.
Bg2 Ra8 23. Kh1 Rb8 24. Kg1 Qd7 25. Bf1 Rfe8 26. Bd3 Ba8 27. Kg2 Bf8 28. h3 Bb7
29. d5 Bc8 30. Rh1 c6 31. g4 Ba6 32. Ra1 Qc7 33. Nf1 Rec8 34. Bd2 Kh7 35. Ne3
Re8 36. Bf1 g6 37. Rb1 Bg7 38. Kg1 Nd7 39. Qa2 Nc5 40. h4 Qd7 41. Ra1 Rf8 42.
Qc2 Rh8 43. f4 cxd5 44. exd5 exf4 45. Rxf4 Be5 46. Rf3 Kg7 47. Bh3 Qe7 48. Raf1
Rbf8 49. h5 Bc8 50. Ng2 gxh5 51. gxh5 Bxh3 52. Rxh3 Qd7 53. Rhf3 Qg4 54. Bf4
Qxh5 55. Rg3+ Qg6 56. Bxe5+ dxe5 57. Rxf7+ 1-0

[Event "EU-ch (Women) 11th"]
[Site "Rijeka"]
[Date "2010.03.06"]
[Round "1.23"]
[White "Worek, Joanna"]
[Black "Khotenashvili, Bela"]
[Result "1-0"]
[WhiteElo "2245"]
[BlackElo "2448"]
[PlyCount "163"]
[EventDate "2010.03.06"]
[EventType "swiss"]
[EventRounds "11"]
[EventCountry "CRO"]
[SourceDate "2010.03.06"]

1. d4 Nf6 2. c4 g6 3. Nc3 d5 4. cxd5 Nxd5 5. e4 Nxc3 6. bxc3 Bg7 7. Nf3 c5 8.
Be2 Nc6 9. d5 Ne5 10. Nxe5 Bxe5 11. Qb3 Qc7 12. Rb1 O-O 13. h3 c4 14. Qc2 e6
15. dxe6 Bxe6 16. O-O Qa5 17. Be3 Rfd8 18. Rxb7 Bxc3 19. Rfb1 Bd4 20. R7b5 Qa3
21. Bg5 a6 22. Rb7 Rdc8 23. Bg4 Bxg4 24. hxg4 Qc3 25. Qe2 Ra7 26. Rxa7 Bxa7 27.
Rc1 Qa5 28. Bf6 c3 29. g5 Bb8 30. Qg4 Re8 31. Qd7 Rf8 32. Be7 Be5 33. Bxf8 Kxf8
34. a4 Kg7 35. Qd5 Qc7 36. Qd3 Qe7 37. Rxc3 Bxc3 38. Qxc3+ Kg8 39. Qc8+ Kg7 40.
Qxa6 Qxg5 41. Qc4 Qe5 42. g3 h5 43. Kg2 h4 44. Qd5 Qa1 45. Qc4 hxg3 46. Kxg3
Qg1+ 47. Kf3 Qd1+ 48. Kf4 Qd2+ 49. Kg3 Qg5+ 50. Kf3 Qh5+ 51. Ke3 Qh3+ 52. Kd2
Qd7+ 53. Kc2 Qa7 54. Kd3 f6 55. Ke2 Qb6 56. Kf3 Qa5 57. Qe6 Qh5+ 58. Qg4 Qh1+
59. Ke2 Qb1 60. Qd7+ Kh6 61. Qd4 Kh5 62. e5 fxe5 63. Qxe5+ g5 64. a5 Qc2+ 65.
Kf1 Qc1+ 66. Kg2 Qc6+ 67. Kh2 Qc2 68. Qh8+ Kg6 69. Qg8+ Kh6 70. Qf8+ Kg6 71.
Qd6+ Kh5 72. Qb6 Qe4 73. Qe3 Qc6 74. Qe2+ Kh4 75. a6 Qc7+ 76. Kg2 Qc6+ 77. f3
Qc7 78. Qf2+ Kh5 79. a7 Qb7 80. Qd4 Qa6 81. Qh8+ Kg6 82. Qe8+ 1-0